France, troubled ally : (Record no. 25324)
[ view plain ]
| 000 -LEADER | |
|---|---|
| fixed length control field | 00879nam a2200253 a 4500 |
| 001 - CONTROL NUMBER | |
| control field | 25324 |
| 003 - CONTROL NUMBER IDENTIFIER | |
| rucl marc code | BD-RjUL |
| 005 - DATE AND TIME OF LATEST TRANSACTION | |
| control field | 20211209050849.0 |
| 008 - FIXED-LENGTH DATA ELEMENTS--GENERAL INFORMATION | |
| fixed length control field | 140318s1960 nyu b 001 0 eng d |
| 035 ## - SYSTEM CONTROL NUMBER | |
| System control number | (BD-RjUL)25393 |
| 040 ## - CATALOGING SOURCE | |
| Original cataloging agency | NZOC |
| Language of cataloging | eng |
| Transcribing agency | NZOC |
| Modifying agency | NZOC |
| -- | BD-RjUL |
| 041 ## - LANGUAGE CODE | |
| Language code of text/sound track or separate title | eng |
| 082 04 - DEWEY DECIMAL CLASSIFICATION NUMBER | |
| Classification number | 320.944082 |
| Author mark and year | FUF 1960 |
| 100 1# - MAIN ENTRY--PERSONAL NAME | |
| Personal name | Furniss, Edgar S. |
| Fuller form of name | (Edgar Stephenson), |
| Dates associated with a name | 1918-1966. |
| 9 (RLIN) | 77865 |
| 245 10 - TITLE STATEMENT | |
| Title | France, troubled ally : |
| Remainder of title | De Gaulle's heritage and prospects / |
| Statement of responsibility, etc. | Edgar S Furniss. |
| 260 ## - PUBLICATION, DISTRIBUTION, ETC. (IMPRINT) | |
| Place of publication, distribution, etc. | New York : |
| Name of publisher, distributor, etc. | Harper and Brothers for the Council on Foreign Relations, |
| Date of publication, distribution, etc. | c1960. |
| 300 ## - PHYSICAL DESCRIPTION | |
| Pagination | xvi, 543 p. ; |
| Size | 22 cm. |
| 504 ## - BIBLIOGRAPHY, ETC. NOTE | |
| Bibliography, etc | Bibliography: p. 493-497. and index. |
| 600 10 - SUBJECT ADDED ENTRY--PERSONAL NAME | |
| Personal name | Gaulle, Charles de, |
| Dates associated with a name | 1890-1970. |
| 651 #0 - SUBJECT ADDED ENTRY--GEOGRAPHIC NAME | |
| Geographic name | France |
| General subdivision | Politics and government |
| Chronological subdivision | 1945- |
| 9 (RLIN) | 6775 |
| Geographic name | France |
| General subdivision | Colonies. |
| 9 (RLIN) | 77866 |
| 942 ## - ADDED ENTRY ELEMENTS (KOHA) | |
| Source of classification or shelving scheme | Dewey Decimal Classification |
| Koha item type | Books |
| Lost status | Source of classification or shelving scheme | Damaged status | Not for loan | Collection code | Permanent Location | Current Location | Shelving location | Date acquired | Source of acquisition | Cost, normal purchase price | Total Checkouts | Full call number | Date last seen | Copy number | Koha item type |
|---|---|---|---|---|---|---|---|---|---|---|---|---|---|---|---|
| Dewey Decimal Classification | Added to bundle | Non-fiction | Central Library, University of Rajshahi | Central Library, University of Rajshahi | Reading Room | 29/03/1967 | Pak-American Com. | 11.25 | 320.944082 FUF 1960 | 18/03/2014 | C-1 | Books |